Rightmove house price index (Record no. 107405)
[ view plain ]
| 000 -LEADER | |
|---|---|
| fixed length control field | 01214cad a22002295a 4500 |
| 001 - CONTROL NUMBER | |
| control field | L140028 |
| 008 - FIXED-LENGTH DATA ELEMENTS--GENERAL INFORMATION | |
| fixed length control field | 070830e20070521 d f s 000 0 eng u |
| 035 ## - SYSTEM CONTROL NUMBER | |
| System control number | (Sirsi) u140028 |
| 041 0# - LANGUAGE CODE | |
| Language code of text/sound track or separate title | eng |
| 050 ## - LIBRARY OF CONGRESS CALL NUMBER | |
| Classification number | 333.33 $2 18 |
| 110 2# - MAIN ENTRY--CORPORATE NAME | |
| Corporate name or jurisdiction name as entry element | Rightmove |
| 245 00 - TITLE STATEMENT | |
| Title | Rightmove house price index |
| Remainder of title | May 2007 |
| Medium | [electronic resource] |
| 260 ## - PUBLICATION, DISTRIBUTION, ETC. | |
| Place of publication, distribution, etc. | London |
| Name of publisher, distributor, etc. | Rightmove |
| Date of publication, distribution, etc. | 2007 |
| 490 00 - SERIES STATEMENT | |
| Series statement | Rightmove House Price Index |
| Volume/sequential designation | May 2007 |
| 520 ## - SUMMARY, ETC. | |
| Summary, etc. | Shows that average asking prices have risen by 0.4%, the lowest monthly increase this year. As a result the annual rise has dropped to 13.1%. As expected, new instructions per agent are showing an increase as sellers move early to avoid the expected introduction of Home Information Packs (HIPs). This is causing concern as this surge may coincide with a rise in interest rates. Speculation on HIPs is causing uncertainty for home movers and the market. |
| 590 ## - LOCAL NOTE (RLIN) | |
| Local note | KA |
| 650 24 - SUBJECT ADDED ENTRY--TOPICAL TERM | |
| Topical term or geographic name entry element | RIGHTMOVE HOUSE PRICE INDEX |
| 651 #4 - SUBJECT ADDED ENTRY--GEOGRAPHIC NAME | |
| Geographic name | United Kingdom |
| Chronological subdivision | |
| 690 ## - LOCAL SUBJECT ADDED ENTRY--TOPICAL TERM (OCLC, RLIN) | |
| Topical term or geographic name as entry element | PROPERTY-RESIDENTIAL PROPERTY-RESIDENTIAL PROPERTY MARKET |
| 856 40 - ELECTRONIC LOCATION AND ACCESS | |
| Uniform Resource Identifier | <a href="https://www.rightmove.co.uk/template/publicsite%2Caboutus%2CRTPRArchive.vm">https://www.rightmove.co.uk/template/publicsite%2Caboutus%2CRTPRArchive.vm</a> |
| Public note | View the index free of charge at www.rightmove.co.uk... |
| 942 ## - ADDED ENTRY ELEMENTS (KOHA) | |
| Suppress in OPAC | 0 |
| Withdrawn status | Lost status | Source of classification or shelving scheme | Damaged status | Not for loan | Home library | Current library | Shelving location | Date acquired | Total Checkouts | Full call number | Barcode | Date last seen | Copy number | Price effective from | Koha item type |
|---|---|---|---|---|---|---|---|---|---|---|---|---|---|---|---|
| Dewey Decimal Classification | Virtual | Virtual | Online | 30/08/2007 | ONLINE PUBLICATION | 140028-2001 | 06/08/2019 | 1 | 06/08/2019 | Book |